Construyendo las fronteras / (Registro nro. 8805)
[ vista simple ]
| 000 -LEADER | |
|---|---|
| fixed length control field | 01419nam a2200241Ia 4500 |
| 003 - CONTROL NUMBER IDENTIFIER | |
| control field | OSt |
| 005 - DATE AND TIME OF LATEST TRANSACTION | |
| control field | 20211118131024.0 |
| 008 - FIXED-LENGTH DATA ELEMENTS--GENERAL INFORMATION | |
| fixed length control field | 210310q1996 ck fr 000 0 spa d |
| 040 ## - CATALOGING SOURCE | |
| Original cataloging agency | CO-JMCR |
| Transcribing agency | CO-JMCR |
| 041 0# - LANGUAGE CODE | |
| Language code of text/sound track or separate title | spa |
| 082 04 - DEWEY DECIMAL CLASSIFICATION NUMBER | |
| Classification number | 338.92 / |
| Item number | C718c |
| Edition number | 23 |
| 100 ## - MAIN ENTRY--PERSONAL NAME | |
| Personal name | |
| 9 (RLIN) | 14747 |
| 110 1# - MAIN ENTRY--CORPORATE NAME | |
| Corporate name or jurisdiction name as entry element | Colombia. |
| Subordinate unit | Presidencia de la República. Consejería Presidencial de Fronteras |
| 9 (RLIN) | 41599 |
| 245 10 - TITLE STATEMENT | |
| Title | Construyendo las fronteras / |
| Statement of responsibility, etc. | Consejería Presidencial de Fronteras |
| 260 ## - PUBLICATION, DISTRIBUTION, ETC. | |
| Place of publication, distribution, etc. | [Bogotá] : |
| Name of publisher, distributor, etc. | Consejería Presidencial de Fronteras, |
| Date of publication, distribution, etc. | [1996] |
| 300 ## - PHYSICAL DESCRIPTION | |
| Extent | 175 páginas ; |
| Dimensions | 24 cm. |
| 504 ## - BIBLIOGRAPHY, ETC. NOTE | |
| Bibliography, etc. note | Bibliografía: páginas 175 |
| 505 0# - FORMATTED CONTENTS NOTE | |
| Formatted contents note | Apostilla – presupuesto -- Marco legal y funciones -- Creación del fondo económico -- De modernización para las zonas de frontera – Presupuesto -- Análisis general de las zonas de frontera -- Análisis a la ley de fronteras y modificaciones a la misma -- Informe general – Plan remate -- Textos de divulgación -- Departamento de la Guajira – Hacia dónde va el departamento de Nariño -- Términos de referencia -- Hacia un propósito regional -- Logros de la ley de fronteras para el departamento de Nariño -- Consideraciones a propósito del estudio de la misión siglo xxi -- Norte de Santander |
| 651 #4 - SUBJECT ADDED ENTRY--GEOGRAPHIC NAME | |
| Geographic name | Colombia |
| General subdivision | Límites |
| 9 (RLIN) | 41600 |
| 651 #4 - SUBJECT ADDED ENTRY--GEOGRAPHIC NAME | |
| Geographic name | Colombia |
| General subdivision | Relaciones exteriores |
| 9 (RLIN) | 7648 |
| 651 #4 - SUBJECT ADDED ENTRY--GEOGRAPHIC NAME | |
| Geographic name | Colombia |
| General subdivision | Política internacional |
| 9 (RLIN) | 41601 |
| 942 ## - ADDED ENTRY ELEMENTS (KOHA) | |
| Source of classification or shelving scheme | Dewey Decimal Classification |
| Koha item type | Books |
| Withdrawn status | Lost status | Source of classification or shelving scheme | Damaged status | Not for loan | Collection code | Home library | Current library | Date acquired | Source of acquisition | Full call number | Barcode | Date last seen | Copy number | Koha item type |
|---|---|---|---|---|---|---|---|---|---|---|---|---|---|---|
| Dewey Decimal Classification | Non-fiction | Biblioteca Pública José María del Castillo y Rada | Biblioteca Pública José María del Castillo y Rada | 04/15/2018 | Donación | 338.92 / C718c | 430000836 | 05/16/2024 | Ej.1 | Books |